Datum a čas kvízu
25
Celkem bodů
Celkový počet nahraných bodů na tomto kvízu bez doplňovacích otázek.
14.
Pořadí na kvízu
Konečné umístění týmu na tomto kvízu.
Zaznamenané odpovědi
| # | Otázka | Odpověď | Body | Výsledky |
|---|---|---|---|---|
| 1. | Minulý týden představila Ursul... | mezinárodní partnerství | 0 | |
| 2. | Radní nizozemského města Haag... | C) reklama na cokoli souvisejícího s fosilními palivy | 1 | |
| 3. | Jedna 80letá žena se rozhodla... | z Jižní Koreje | 0 | |
| 4. | Skupina TCF Capital podnikate... | Pilulka | 1 | |
| 5. | Švýcarská tenistka se slovensk... | Belinda Bencic | 0 | |
| 6. | Evropský den jazyků se slaví k... | 1A 2B 3C 4D | 0 | |
| 7. | Kašubština patří mezi jazyky: | C | 1 | |
| 8. | Sedila, tedy háček pod písmene... | C | 1 | |
| 9. | Vrcholný představitel ruského... | Fjodor Michajlovič Dostojevskij | 1 | |
| 10. | Kterým slovem na pět písmen se... | Banát | 0 |